00410nam a2200133Ia 4500008004000000020001600040082001500056100003700071245006900108260006300177300001300240440000600253650001700259210210b1974 xxu||||| |||| 00| 0 eng d a07 096411 4 a304.6 FAMS aFAMILY PLANNING FOUNDATION BOOK. aStatus study on population research in India: Vol 2. Demography. aNew Delhi.bTata McGraw-Hill Publishing Company Ltd.c1974 axxii,265 a2 aDemography